Mam'zelle Nitouche (Record no. 170899)

MARC details
000 -LEADER
campo de control de longitud fija 00576nam a22001695i 4500
001 - NÚMERO DE CONTROL
campo de control 170899
003 - IDENTIFICADOR DE NÚMERO DE CONTROL
campo de control ES-MaACL
005 - FECHA Y HORA DE LA ÚLTIMA TRANSACCIÓN
campo de control 20230906214506.0
008 - DATOS DE LONGITUD FIJA--INFORMACIÓN GENERAL
campo de control de longitud fija 090415s1890 fr |||| | fre d
080 ## - NÚMERO DE LA CLASIFICACIÓN DECIMAL UNIVERSAL
Número de la Clasificación Decimal Universal 821.133.1-2"18"
100 1# - ENTRADA PRINCIPAL--NOMBRE DE PERSONA
Nombre de persona Meilhac, Henri.
9 (RLIN) 129795
245 10 - MENCIÓN DEL TÍTULO
Título Mam'zelle Nitouche
Resto del título : comédie-vaudeville en trois actes /
Mención de responsabilidad, etc. H. Meilhac & A. Millaud.
260 ## - PUBLICACIÓN, DISTRIBUCIÓN, ETC.
Lugar de publicación, distribución, etc. Paris :
Nombre del editor, distribuidor, etc. Librairie Théâtrale,
Fecha de publicación, distribución, etc. [1890?]
300 ## - DESCRIPCIÓN FÍSICA
Extensión 116 p. ;
Dimensiones 19 cm.
700 1# - ENTRADA AGREGADA--NOMBRE PERSONAL
Nombre de persona Millaud, Albert.
9 (RLIN) 129924
852 4# - LOCALIZACIÓN
Ubicación ES-MaACL
Número de control de estantería E-12568
itemnumber R.140161
Nota libre . - Biblioteca Jacinto Martínez Lacalle
Holdings
Estatus retirado Estado de pérdida Estado de daño No para préstamo Colección Biblioteca de origen Biblioteca actual Ubicación en estantería Fecha de adquisición Fuente de adquisición Total de préstamos Signatura topográfica completa Código de barras Visto por última vez Precio de reemplazo Tipo de ítem Koha
        Libros del s. XIX Biblioteca del Ateneo de Madrid Biblioteca del Ateneo de Madrid Depósito 2 15/04/2009     E-12568 1179358 23/02/2023 23/02/2023 Libro impreso antiguo